Comportamiento tecnológico de las empresas extranjeras en el sector industrial costarricense: un estudio de casos

Zapisane w:
Opis bibliograficzny
1. autor: Izurieta Segura, Carlos A.
Format: Texto
Wydane: San José
Etykiety: Dodaj etykietę
Nie ma etykietki, Dołącz pierwszą etykiete!

MARC

LEADER 00000 a a2200000 04500
001 21523
003
040
090 |a 095200  
100 |a Izurieta Segura, Carlos A.  
245 |a Comportamiento tecnológico de las empresas extranjeras en el sector industrial costarricense: un estudio de casos  
260 |a San José  
300 |a 106 p  
999 |c 9354  |d 9354